000 00682nam a22002417a 4500
003 UA-OsUOA
001 30137
007 ta
008 20041105b un ||||| |||| 00| 0 ukr d
100 _aПершиц А.
090 _a91
_bП27
942 _cBK
040 _aUA-OsUOA
_brus
_cUA-OsUOA
_dUA-OsUOA
245 _aГеорг Август Валлин
_bИсследователь внутренней Аравии
300 _a40 с.
955 _a0
041 _arus
080 _a91
260 _aМосква
_bГосударственное издательство внутренней литературы
_c1958
044 _aRU
650 7 _2UDC
999 _c316544
_d316544